书目信息 |
| 题名: |
宁波风俗传说
|
|
| 作者: | 滕占能 主编 | |
| 分册: | ||
| 出版信息: | 北京 光明日报出版社 2019 |
|
| 页数: | 264页 | |
| 开本: | 24cm | |
| 丛书名: | ||
| 单 册: | ||
| 中图分类: | K892.455.3 , K892 | |
| 科图分类: | ||
| 主题词: | 风俗习惯--介绍--宁波 | |
| 电子资源: | ||
| ISBN: | 978-7-5194-5113-4 | |
| 000 | 00952nam0 2200241 450 | |
| 001 | 2369210690 | |
| 005 | 20231103191355.27 | |
| 010 | @a978-7-5194-5113-4@dCNY65.00 | |
| 100 | @a20190731d2019 em y0chiy50 ea | |
| 101 | 0 | @achi |
| 102 | @aCN@b110000 | |
| 105 | @aa z 000yy | |
| 200 | 1 | @a宁波风俗传说@9ning bo feng su chuan shuo@f滕占能主编 |
| 210 | @a北京@c光明日报出版社@d2019 | |
| 215 | @a264页@c图@d24cm | |
| 300 | @a2018年度宁波市文艺创作重点项目 | |
| 330 | @a本书是宁波人民长期锤炼和传承的文化传统的结集,表现了浙东人民的性格、精神和真善美,是宁波各县市区彼此认同的标志,是宁波人民共同情感的纽带。全书汇编流传于宁波地域的风俗传说130余篇,包含婚嫁、丧葬、寿诞、传统节俗、行会庙会、民俗信仰、风物习俗、特产习俗八个篇章。 | |
| 606 | 0 | @a风俗习惯@x介绍@y宁波 |
| 690 | @aK892.455.3@v5 | |
| 690 | @aK892@v4 | |
| 701 | 0 | @a滕占能@9teng zhan neng@f(1932-)@4主编 |
| 801 | 0 | @aCN@b大连网信软件有限公司图书馆·11@c20231103 |
| 905 | @aBZT@dK892@e35 | |
| 宁波风俗传说/滕占能主编.-北京:光明日报出版社,2019 |
| 264页:图;24cm |
| 2018年度宁波市文艺创作重点项目 |
| ISBN 978-7-5194-5113-4:CNY65.00 |
| 本书是宁波人民长期锤炼和传承的文化传统的结集,表现了浙东人民的性格、精神和真善美,是宁波各县市区彼此认同的标志,是宁波人民共同情感的纽带。全书汇编流传于宁波地域的风俗传说130余篇,包含婚嫁、丧葬、寿诞、传统节俗、行会庙会、民俗信仰、风物习俗、特产习俗八个篇章。 |
| ● |
| 相关链接 |
|
|
|
正题名:宁波风俗传说
索取号:K892/35
 
预约/预借
| 序号 | 登录号 | 条形码 | 馆藏地/架位号 | 状态 | 备注 |
| 1 | 2000945371 | 2000945371 | 第四书库/四30架A面1层2列/ [索取号:K892/35] | 在馆 | |
| 2 | 2000945372 | 2000945372 | 第四书库/四30架A面1层2列/ [索取号:K892/35] | 在馆 | |
| 3 | 2000945373 | 2000945373 | 第四书库/四30架A面1层2列/ [索取号:K892/35] | 在馆 | |
| 4 | 2000945374 | 2000945374 | 第四书库/四30架A面1层2列/ [索取号:K892/35] | 在馆 | |
| 5 | 2000945375 | 2000945375 | 第四书库/四30架A面1层2列/ [索取号:K892/35] | 在馆 | |
| 6 | 2000945376 | 2000945376 | 第四书库/四30架A面1层2列/ [索取号:K892/35] | 在馆 |